000 00462nam a2200181Ia 4500
005 20250423095506.0
008 250422s9999 xx 000 0 und d
020 _a9783379824
050 _aPE 65 .O43/
100 _aOlaoye, Anthony Ayodele
245 0 _aGeneral studies English : a practical guide for tertiary instructions
260 _aLagos
260 _bOgunleye Commercial
260 _c2009
300 _a210 p
650 _aEnglish
942 _cBK
999 _c30435
_d30435